[Event "CB-Emu swiss"]
[Site "?"]
[Date "2017.04.06"]
[Round "2"]
[White "Excel 68000, Fidelity"]
[Black "MM V, Mephisto"]
[Result "1-0"]
[WhiteElo "1960"]
[BlackElo "2200"]
[Annotator "Komodo 10.3 32-bit (60s)"]
[PlyCount "62"]
[EventDate "2017.??.??"]

{E59: Nimzoindisch (Moderne Variante)} 1. d4 Nf6 2. c4 e6 3. Nc3 Bb4 4. e3 O-O
5. Nf3 d5 6. Bd3 c5 7. O-O Nc6 8. a3 Bxc3 9. bxc3 dxc4 10. Bxc4 Qc7 11. Ba2 b6
12. dxc5 $146 (12. Qe2 e5 13. d5 (13. h3 cxd4 14. cxd4 exd4 15. Bb2 Qe7 16.
Rac1 Bb7 17. Nxd4 Nxd4 18. Bxd4 Kh8 19. Bb1 Rfe8 20. f3 Kg8 21. Qd3 g6 22. Ba2
Red8 23. Rf2 Ne8 24. Rfc2 Rd7 25. Bb3 Qg5 26. Ba4 Rd6 27. Qb5 Qxb5 {Lukacs,P 
(2455)-Horvath,C (2515) Hungary 1993 1/2-1/2 (47)}) 13... e4 14. Nd2 Ne5 15. c4
Neg4 16. f4 exf3 17. gxf3 Ne5 18. Kh1 Ba6 19. Rg1 Rae8 20. Bb2 Ng6 21. Qf2 Qe7
22. Rae1 Nd7 23. f4 f5 24. Bb1 Bc8 25. e4 fxe4 26. Rxe4 Qf7 {Furman,
S-Kondratiev,P Leningrad 1952 1-0 (33)}) (12. a4 Rd8 13. Qe2 Bb7 14. Bb2 h6 15.
h3 e5 16. Rfd1 {1/2-1/2 (16) Sarosi,Z (2355)-Gyorkos,L (2390) Hungary 1997}) (
12. Bb2 e5 13. h3 e4 14. Nd2 Ba6 15. c4 cxd4 16. exd4 Rad8 17. d5 Ne5 18. Re1
Rfe8 19. Nxe4 Nxe4 20. Rxe4 Nxc4 21. Rxc4 Bxc4 22. Qd4 f6 23. Bxc4 Kh8 24. Rd1
Qd6 25. Qh4 Qf8 26. Bb5 Re7 {Panno,O-Garcia Vera,R Buenos Aires  1958 1-0 (32)}
) (12. Re1 e5 13. h3 e4 14. Nh2 Bf5 15. Bb2 Rad8 16. Qe2 Rfe8 17. Rad1 cxd4 18.
exd4 Bg6 19. Ng4 Nxg4 20. hxg4 h6 21. c4 Kh7 22. Qe3 f6 23. c5 bxc5 24. dxc5
Rd3 25. Qc1 Ne5 26. Bxe5 Rxe5 {Spassky,B-Ghitescu,T Varna 1958 1-0 (34)}) 12...
bxc5 13. Qe2 Bb7 14. Bb2 Rad8 (14... Ng4 15. e4 $11) 15. c4 Ng4 16. Rfd1 h6 {
Es geht um g5} (16... Ne7 17. e4 $11) 17. Rab1 (17. Bc3 Ne7 18. h3 Bxf3 19.
Qxf3 Qh2+ 20. Kf1 Ne5 $11) 17... Na5 (17... Ne7 18. h3 Bxf3 19. Qxf3 Qh2+ 20.
Kf1 $11) 18. Rxd8 (18. e4 Nf6 $11) 18... Rxd8 $11 19. e4 f5 $4 {danach kann
Schwarz alle Träume begraben} (19... Nf6 $142 {und Schwarz spielt mit} 20. Be5
Qd7 $11) 20. h3 $16 fxe4 (20... Nf6 21. Bxf6 gxf6 22. exf5 exf5 23. Qe6+ Kg7
24. Nh4 $18) 21. hxg4 $18 exf3 22. Qxe6+ Kf8 (22... Qf7 $142 23. Qxf7+ Kxf7 $18
) 23. gxf3 $4 {gibt den Vorteil aus der Hand} (23. g5 Qd6 24. Qxd6+ Rxd6 $18)
23... Re8 $2 (23... Qd7 $142 {war notwendig} 24. Qxd7 Rxd7 $14) 24. Qf5+ Kg8
25. Rd1 $4 {vergibt den Vorteil} (25. Bc3 {ist genauer} Qd6 26. Bxa5 Rf8 $18)
25... Bc8 $4 {verschlechtert die Stellung weiter} (25... Qf7 $142 26. Qxf7+
Kxf7 27. Rd7+ Ke6 28. Rxg7 Bxf3 $16) 26. Qd3 $18 Be6 (26... Qf7 $18) 27. Bb1
Kf8 (27... Qf7 {holt die Kuh nicht vom Eis} 28. Qh7+ Kf8 29. Bg6 $18) 28. Qh7
Bg8 (28... Qf7 {ist vielleicht ein Schwindelversuch} 29. Bg6 Qg8 30. Qxg8+ Bxg8
$18) 29. Qf5+ Bf7 30. Rd7 Qxd7 31. Qxd7 Re1+ 1-0

[Event "CB-Emu swiss"]
[Site "?"]
[Date "2017.04.10"]
[Round "2"]
[White "Lyon 32, Mephisto"]
[Black "Super Constellation, Novag"]
[Result "1-0"]
[WhiteElo "2250"]
[BlackElo "1980"]
[Annotator "Komodo 10.3 32-bit (60s)"]
[PlyCount "79"]
[EventDate "2017.??.??"]

{E12: Damenindisch (Petrosjan-System und 4. oder 5.Lg5)} 1. d4 Nf6 2. Nf3 b6 3.
c4 e6 4. Nc3 Bb7 5. a3 d5 6. cxd5 exd5 7. Bg5 Be7 {erster berechneter Zug von
Schwarz} 8. e3 O-O 9. Bd3 c5 10. O-O {erster berechneter Zug Weiss} h6 {
Schwarz droht Materialgewinn: h6xg5} (10... Na6 11. Ne5 Nc7 12. Ne2 Ne6 13. Bh4
Nd7 14. Bg3 Nxe5 15. dxe5 f5 16. exf6 Bxf6 17. Qc2 g6 18. Rad1 Qe7 19. Nc3 Rad8
20. Qa4 Ba8 21. Bb1 Kh8 22. Rfe1 Qb7 23. f3 Qg7 24. Qb3 Rfe8 25. Ba2 {
Dzagnidze,N (2557)-Zhao,X (2568) Beijing 2013 1/2-1/2 (63)}) 11. Bf4 $146 (11.
Bh4 Ne4 (11... Nc6 12. dxc5 bxc5 13. Bxf6 Bxf6 14. Nxd5 Bxb2 15. Rb1 Ne5 16.
Nxe5 Qxd5 17. Bh7+ Kxh7 18. Qxd5 Bxd5 19. Rxb2 Rab8 20. Rc2 Rfc8 21. Rfc1 Rb3
22. Rc3 Rxc3 23. Rxc3 f6 24. Nd3 {1/2-1/2 (24) Pappenheim,R (1882)-Weinmann,S 
(2000) Nuremberg 2000}) 12. Bxe7 Qxe7 13. Ne5 Nxc3 14. bxc3 Nc6 15. f4 Nxe5 16.
fxe5 f6 17. Qh5 Qe8 18. Qf5 g6 19. Qxg6+ Qxg6 20. Bxg6 fxe5 21. dxe5 Kg7 22.
Bh5 Ba6 23. Rf4 Bb5 24. Rd1 Be8 25. Bf3 Bf7 {Hanevik,S (1454)-Woldseth,O (1785)
Masfjorden 2003 1/2-1/2 (49)}) 11... Nc6 12. Qc2 Re8 {Besser erscheint mir Sh5}
13. Nb5 Rc8 {Mutig... aber so isser, der Superconny} (13... cxd4 14. Bf5 Bc8
15. Qxc6 Bxf5 16. Nfxd4 $14) 14. Bf5 {Weiß droht Materialgewinn: Lf5xc8} Nd7 (
14... Ba6 15. Qa4 Bxb5 16. Qxb5 $14) 15. dxc5 $16 Ba6 $2 {Wenn er sich da mal
nicht verzockt hat. Das simple Wiedernehmen auf c5 wäre besser gewesen.} (15...
Bxc5 $142 $5 16. Rad1 a6 $16) 16. Rfd1 $18 {Der Lyon hat fürwahr eine
Traumstellung erreicht. Er hat optimal Raum für den Angriff, während der
Superconny eingeschnürt ist wie Sardinen in der Büchse.} Bxb5 17. Rxd5 Na5 (
17... Bxc5 18. Bxd7 Ne7 19. Bxe8 Qxe8 $18) 18. Nd4 Rxc5 19. Rxc5 Nxc5 (19...
Ba4 20. Qxa4 Nxc5 $18) 20. Nxb5 Bf8 {Nun bricht der Superconny total ein.} (
20... Ne6 {nützt auch nichts mehr} 21. Bxe6 fxe6 22. b4 $18) 21. Nc7 Nab3 (
21... Nab7 {ändert nichts mehr} 22. Rd1 Qe7 23. b4 $18) 22. Rd1 Qb8 23. Nxe8
Qxe8 24. Qc4 Na5 25. Qd5 Nc6 {Der Rauch hat sich verzogen und Weiss hat
Qualität und Bauer mehr. Weiss hat allerdings trotzdem kein leichtes Spiel.
Die Festung Superconny steht.} 26. Bb1 {mit dem Plan La2 und Druck gegen f7.
Ob das allerdings reicht erscheint fraglich. Ferner droht Df5.} (26. Bd7 {
gibt noch größeren Vorteil} Qxd7 27. Qxd7 Nxd7 28. Rxd7 f5 $18) 26... Be7 $2 {
Schwächt die Stellung. Auch wenn es schwer fällt, hätte Schwarz besser den
Entlastungstausch der Damen mit 26. ...De6 angestrebt.} (26... Ne7 {wäre
gleichermaßen fruchtlos} 27. Qd2 $18) 27. b4 Ne6 28. Qd3 (28. Qd7 $142 {
erleichterte Weiß die Gewinnführung} Qd8 29. b5 Na5 30. Qxd8+ Nxd8 $18) 28...
Nf8 (28... g6 {holt die Kuh nicht vom Eis} 29. Qd7 Qxd7 30. Rxd7 Nxf4 31. exf4
$18) 29. Qb5 a6 30. Qxb6 Ne6 31. Bg3 a5 (31... h5 {ändert den Lauf der Dinge
nicht} 32. Be4 Ncd8 33. Qxa6 $18) 32. Be4 (32. b5 {ginge schneller} Ncd8 33.
Qxa5 Nc5 $18) 32... Ncd8 (32... Nxb4 {macht keinen großen Unterschied} 33. axb4
Qa4 34. Rb1 Bxb4 35. Qb8+ Nf8 36. Qa8 $18) 33. Qxa5 Bf6 34. Be5 Be7 35. Bb2 Bh4
(35... Nf8 {ändert nichts am Ausgang der Partie} 36. Qa8 Nfe6 37. Bd3 $18) 36.
Qf5 Ng5 37. Bc2 Nde6 38. Qg4 Qe7 39. g3 Qb7 40. gxh4 {An dieser Stell für
Schwarz aufgegeben. Die Materialüberlegenheit ist gewaltig, Weiss hat 2
verbundene Freibauern a3/b4, die Bewertung steht schon seit einiger Zeit auf
über 8,00... das muss man nicht mehr auswalzen.. . . .} (40. gxh4 Nf3+ 41. Kg2
Nxh4+ 42. Kf1 Qb5+ 43. Bd3 $18) 1-0

[Event "CB-Emu swiss"]
[Site "?"]
[Date "2017.04.11"]
[Round "2"]
[White "Elite Avantgarde 2100, Fidelity"]
[Black "Vancouver 32, Mephisto"]
[Result "0-1"]
[WhiteElo "2010"]
[BlackElo "2260"]
[Annotator "Komodo 10.3 32-bit (60s)"]
[PlyCount "158"]
[EventDate "2017.??.??"]

{A00: Unregelmäßige Eröffnungen} 1. b4 d5 2. Bb2 Nf6 3. e3 Bf5 4. Nf3 e6 5. c4
{Schade, jetzt wo es von den verschiedenen Varianten her spannend wird, ist
der Vancouver aus dem Buch...} Be7 {Und auch der Avantgarde darf jezt rechnen.}
6. Qa4+ $146 {Nicht gerade systemgerecht. Ich spiele ja selber oft und gerne
mit Weiss den Affen... äh Orang Utan. Gut und richtig wäre die Einengung mit 6.
c5} (6. Nc3 O-O 7. c5 Nbd7 8. Nd4 Bg6 9. c6 bxc6 10. Nxc6 Qe8 11. Ba6 Bd6 12.
Bb7 Rb8 13. Nxb8 Qxb8 14. Ba6 Qxb4 15. Bc1 Nc5 16. Be2 Qh4 17. h3 Nd3+ 18. Bxd3
Bxd3 19. a4 Ne4 20. Nxe4 dxe4 {Katalymov,B-Platonov,I Minsk 1962 0-1 (31)}) (6.
cxd5 exd5 7. Be2 (7. Bxf6 Bxf6 8. d4 O-O 9. Bd3 Bxd3 10. Qxd3 Na6 11. Qb5 Qd6
12. a3 c6 13. Qd3 Nc7 14. Nc3 a5 15. b5 c5 16. O-O c4 17. Qc2 Rfe8 18. e4 Be7
19. Rfb1 b6 20. a4 Qd8 21. Re1 Bb4 {Hoch-Petersohn BdF 2002 0-1 (36)}) 7... O-O
8. a3 c6 9. Bxf6 Bxf6 10. d4 b5 11. Nbd2 a5 12. O-O axb4 13. axb4 Na6 14. Nb3
Nxb4 15. Qd2 Be7 16. Rxa8 Qxa8 17. Ra1 Qb7 18. Nc5 Bxc5 19. dxc5 Na6 20. Nd4
Bd7 {Bulcourf,C (2210)-Giardelli,S (2430) Buenos Aires 1992 0-1 (52)}) (6. c5
O-O 7. Bxf6 Bxf6 8. d4 Nd7 9. Nc3 c6 10. Bd3 Bxd3 11. Qxd3 a5 12. b5 e5 13.
Nxe5 Nxe5 14. dxe5 Bxe5 15. Rc1 d4 16. exd4 Bxd4 17. Ne4 Re8 18. O-O Bb2 19.
Qxd8 Raxd8 20. Rcd1 cxb5 {Giacometti,C (2068)-Marinucci,J (1691) Trodica di
Morrovalle 2013 1-0}) (6. Be2 O-O 7. a3 Nbd7 8. O-O Rc8 9. c5 c6 10. Nh4 Bg6
11. Nxg6 hxg6 12. f4 Ne8 13. Nc3 Bf6 14. d4 Nc7 15. Bd3 Be7 16. Bc1 f5 17. g4
Nf6 18. g5 Ne4 19. Nxe4 dxe4 20. Bc4 Nd5 {Tagirov,K (1895)-Seyfutdinov,R (1738)
Uljanovsk 2010 0-1 (36)}) (6. cxd5 exd5 7. a3 a5 $11) 6... c6 7. cxd5 exd5 8.
Nc3 (8. Be2 O-O $15) 8... O-O $15 9. b5 Qc7 {Vielversprechender sieht für mich
9. ...c5 aus} (9... a6 10. Ba3 $15) 10. Be2 c5 {der hat mich gehört...} (10...
Rc8 11. O-O $11) 11. O-O (11. g4 Be6 12. g5 Ne8 $11) 11... Bd6 12. Qh4 h6 13.
d3 {Ein typischer Sokolsky-Zug wäre nun 13. b6 gewesen. 13. ...Dxb6 14. Sa4
Dd8 15. Lxf6 Dxf6 16. Dxf6 gxf6 verspricht einige Initiative für den
geopferten Bauern.} (13. Rac1 Re8 $11) 13... Nbd7 14. e4 {Schafft eine
Schwächung die dem Weissen noch sehr im Magen liegen wird. Stellungsgemäßer
war Tac1} (14. Rac1 Rfe8 $17) 14... dxe4 $15 15. dxe4 Bg6 {sehr gut gespielt.
Damit wird der Druck gegen e4 aufrecht erhalten. Tja, was soll man sagen.
Positionell hat der Avantgarde die Stellung versemmelt. Die Dame steht
deplaziert, die Türme dürften schon lange auf den Linien in Stellung gegangen
sein... der Weisse hat große Schwierigkeiten mit diesem Stellungstyp.} (15...
Be6 16. Rfd1 Rfe8 17. g3 $15) 16. Rfd1 $15 Rfe8 {e4 ist bedroht} (16... Rad8
17. Nd2 Bf4 18. a4 $11) 17. Nd2 $11 Be5 18. Bf3 {besser war einfach f3} (18. f3
$5 $11 {ist zu überlegen}) 18... Rac8 (18... c4 19. a4 $17) 19. a4 (19. Rac1 c4
$17) 19... Rcd8 (19... c4 20. a5 $17) 20. Rac1 (20. Nc4 Bxc3 21. Bxc3 Nxe4 $17)
20... Nf8 {ein unscheinbarer aber giftiger Zug, der den Einschlag auf d2 plant}
(20... c4 $5 $17) 21. Ba1 Rd7 $6 {Überraschend... ich hätte auf Txd2 nebst Lf4
gesetzt.} (21... N8d7 $5 $15 {ist eine Alternative}) 22. Nd5 $5 $11 {gut
gespielt. Der Avantgarde mag ja mit dem Stellungstyp seine liebe Not haben,
aber wenn man allzu zaghaft spielt versteht er es durchaus seine Chancen zu
nutzen.} Nxd5 23. Bxe5 Qxe5 24. exd5 Qb2 25. Qc4 b6 26. a5 (26. Qc3 Qa2 $11)
26... Nh7 27. axb6 axb6 28. Ne4 (28. h4 Nf6 $15) 28... Nf6 {Nimmt den Isolani
ins Visier.} (28... Qe5 29. Nc3 $15) 29. Rc2 (29. Nxf6+ Qxf6 30. Rc3 Ra7 $15)
29... Qe5 {Der isolierte Bauer d5 wird weiter angegriffen} (29... Qb4 30. Nxf6+
gxf6 31. Rcc1 $15) 30. Nxf6+ $11 Qxf6 31. Rc3 {sieht etwas planlos aus. Was
sprach gegen Te2?} (31. Re2 Rxe2 32. Qxe2 Rd8 $11) 31... Rde7 $15 32. Rcc1 (32.
Re3 $5 $15 {ist bedenkenswert}) 32... Be4 $17 33. Bxe4 Rxe4 34. Qf1 {Nun
werden die Isolanis b5 und d5 zum Problem...} Rd8 35. Qd3 {Besser Td2} (35. Rd3
$5 $17) 35... Rd4 $19 36. Qb3 Rb4 (36... R8xd5 37. Rxd4 Qxd4 38. g3 $19) 37.
Qd3 {schön gemeint, aber so einfach lässt der Vancouver seinen Gegner nicht in
die Zugwiederholung entkommen.} Qe5 (37... Rd4 38. Qb3 $17) 38. Qe3 (38. Qg3 $5
Qxg3 39. hxg3 Rxb5 40. d6 $17) 38... Rxd5 $19 39. Qf3 {Logisch, dass Weiss dem
Damentausch ausweichen will. Das Endspiel ist auch mit Damen schwer genug zu
halten.} (39. Rxd5 Qxd5 40. Qe8+ Kh7 $17) 39... Rxd1+ 40. Rxd1 g6 {Besser war
40. ...De4 und der Damentausch lässt sich nicht mehr verhindern.} 41. Qd3 $4 {
es war sowieso egal} (41. g3 Rxb5 42. Rd7 Qe8 $19) 41... Qe8 (41... Rd4 $142 {
und Schwarz ist direkt am Ziel} 42. Qf3 Rxd1+ 43. Qxd1 $19) 42. Qc3 (42. Qd8
Qxd8 43. Rxd8+ Kg7 $19) 42... Rxb5 (42... Rd4 {ginge schneller} 43. Ra1 $19)
43. Qc1 (43. Qf6 Qd7 $1 {Ablenkung: b1} 44. Ra1 Kh7 $19) 43... Kh7 44. Re1 (44.
h3 Qe4 $19) 44... Qd7 45. Rd1 (45. Qc2 {ändert nichts am Ausgang der Partie}
Qd4 46. Qd1 Qf6 $19) 45... Qf5 46. f3 (46. g3 {ändert den Lauf der Dinge nicht}
Rb3 47. Qc4 Rb2 $19) 46... Rb3 {Nun wird um jeden Millimeter auf dem Brett
gekämpft um die Bauern aufzuhalten.} 47. Qc4 Re3 (47... Rb1 $142 {machte
sofort alles klar} 48. Rxb1 Qxb1+ 49. Kf2 Qb2+ 50. Ke3 $19) 48. h3 Qe6 (48...
Qf6 $142 $5 {erleichterte Schwarz die Gewinnführung} 49. Rc1 $19) 49. Qxe6 Rxe6
{Nun ist das Spiel praktisch entschieden. Die beiden verbundenen Freibauern
sollten nun spielentscheidend sein.} 50. Rd7 Kg7 51. Rc7 g5 52. Kf2 Kg6 53. g3
f6 54. Rc8 f5 (54... Kf5 {und Schwarz hätte es noch leichter} 55. Rd8 $19) 55.
f4 (55. Rf8 $19) 55... gxf4 56. gxf4 Rf6 57. Rc7 (57. Kg3 {ändert nichts mehr}
Kh5 $19) 57... Kh5 58. Kg3 Rg6+ (58... Rd6 {ist genauer} 59. Rc8 Rd3+ 60. Kg2
$19) 59. Kf3 Kh4 (59... Rf6 {lässt dem Gegner kaum Chancen} 60. h4 $19) 60. Rf7
Rg3+ {Da kann man jetzt drüber streiten ob nicht 60. ...c4 besser ist.} 61. Ke2
Rxh3 62. Rxf5 Kg4 63. Rf8 Rb3 {63. ...h5 sieht besser aus.} 64. f5 Kg5 65. f6
Kg6 66. f7 Kg7 67. Rh8 Kxf7 68. Rxh6 {Sämtliche störenden Nebeneinflüsse sind
beseitigt und man kann sich um die Freibauern kümmern.} Ke7 69. Rh7+ $2 {
Den König regelrecht zu den Freibauern hinzutreiben kann nun wirklich nicht
die beste Idee sein...} (69. Kd2 b5 70. Rc6 $19) 69... Kd6 70. Rh6+ Kd5 71. Kd2
c4 {Wenn ich nach den Tablebases gehe ist das in 24 Zügen matt... Aber trau
schau wem. Vor allem nicht unseren Kleinen...} 72. Kc2 Kc5 73. Rh8 Kb4 {
Ermöglicht auch c3} 74. Rh6 b5 {Bisher fehlerfrei behandelt... noch 20 Züge}
75. Rh4 Rg3 76. Rh2 Rg4 77. Re2 c3 78. Rf2 Kc4 {Seit ich das Turnier mache
kann mich fast nichts beeindrucken... Der Vancouver hat es geschafft. Perfekte
Endspielführung, als wenn die Nalimovs angeschlossen wären. Nur eben langsamer.
} 79. Rf7 Rg2+ {Ab hier zeigt der Vancouver +8 in der Bewertung, sieht also
dass mindestens ein Bauer durchkommt. Daher habe ich ihm an dieser Stelle den
Punkt zugesprochen. Eine beeindruckende Endspielleistung.} (79... Rg2+ 80. Kb1
Kb3 $19) 0-1

[Event "CB-Emu swiss"]
[Site "?"]
[Date "2017.01.30"]
[Round "1"]
[White "Chessgenius 1, DOS."]
[Black "Amsterdam, Mephisto"]
[Result "1-0"]
[WhiteElo "2284"]
[BlackElo "2030"]
[Annotator "Komodo 10.3 32-bit (60s)"]
[PlyCount "102"]
[EventDate "2017.??.??"]

{D07: Damengambit (Tschigorin-Verteidigung)} 1. d4 d5 2. c4 Nc6 3. Nc3 Nf6 4.
Bg5 Ne4 5. cxd5 Nxc3 6. bxc3 Qxd5 7. Nf3 Bf5 $146 (7... Bg4 8. Qb3 Bxf3 (8...
e6 9. Qxd5 exd5 10. Nd2 Bd6 11. f3 Be6 12. e4 O-O 13. Bd3 f5 14. e5 Be7 15.
Bxe7 Nxe7 16. f4 b6 17. Rb1 Rab8 18. Nb3 c6 19. Kd2 Kf7 20. a4 h6 21. Rhf1 g5
22. g4 gxf4 23. Rxf4 {Andruet,G (2405)-Leski,M (2410) Montpellier 1987 1-0 (39)
}) (8... Qxb3 9. axb3 e6 10. e3 Bd6 11. Bb5 Bxf3 12. gxf3 Kd7 13. c4 a6 14.
Bxc6+ Kxc6 15. c5 h6 16. Bh4 Bf8 17. Rg1 g5 18. Bg3 Bg7 19. Ke2 Rad8 20. h4 Rd5
21. b4 Bf6 22. hxg5 hxg5 23. Rh1 {Manguez Cambra,J (1766)-Palomar Ramon,S 
(1994) Zaragoza 2014 1/2-1/2 (38)}) 9. gxf3 O-O-O 10. Qxd5 Rxd5 11. Bd2 e5 (
11... e6 12. e3 g6 13. f4 Rd8 14. Rb1 b6 15. Ba6+ Kd7 16. Bb5 a6 17. Bxa6 Ra8
18. Bb5 Rxa2 19. e4 Ra5 20. d5 Rxb5 21. Rxb5 Na7 22. dxe6+ fxe6 23. Rb1 Bh6 24.
Rg1 Rf8 25. Rg4 Rf7 26. Ke2 {Wisskirchen,A (2300)-Heisel,G (2225) Germany 1997
0-1 (65)}) 12. e4 Ra5 13. d5 Nb8 14. a4 Na6 15. Bxa6 Rxa6 16. f4 exf4 17. Bxf4
Bc5 18. Ke2 Re8 19. Be3 Bxe3 20. Kxe3 f5 21. f3 g5 22. h3 {Model,A-Ragozin,V
Leningrad  1930 1-0 (39)}) 8. Bf4 (8. Qb3 e6 $11) 8... O-O-O 9. e3 e6 (9... f6
10. Bg3 e5 11. Be2 $11) 10. Bd3 Qa5 (10... Be7 11. Bxf5 Qxf5 12. h4 $11) 11.
O-O $14 Qxc3 (11... Bxd3 12. Qxd3 f6 13. Rab1 $16) 12. Bxf5 $16 exf5 13. Rc1
Qb2 (13... Qa5 $5 {lohnt die Prüfung} 14. Rxc6 bxc6 $16) 14. Qa4 $16 Bd6 (14...
Qb4 15. Rxc6 bxc6 16. Qc2 $16) 15. Rb1 Qe2 16. Qb3 Qa6 17. Bxd6 Rxd6 18. Qxf7
g6 19. Rfc1 Rd7 20. Qe6 (20. Qb3 Rf8 $18) 20... Rf8 21. Ng5 (21. Rc5 Nd8 22.
Qxa6 bxa6 $18) 21... Nd8 $16 22. Qxa6 bxa6 23. Nf3 Rf6 24. Ne5 Rd5 25. Rb2 Rb6
26. Rbc2 Ne6 27. g3 a5 28. Kf1 (28. Nc6 Kb7 $16) 28... Kb8 (28... c5 29. Nd3
$16) 29. h4 (29. Nc6+ Kb7 $18) 29... Rbb5 $2 (29... c5 30. dxc5 Rb5 31. a4 $16)
30. h5 $1 {ist die schöne Entscheidung} gxh5 31. Nc6+ Kb7 32. a4 Rb6 33. Ne7 (
33. f4 Rb3 $18) 33... Rd7 34. Nxf5 (34. Nc6 $5 Ra6 $18) 34... Rb4 $16 35. Kg2
Rxa4 36. Rh1 Rb4 37. Rxh5 a4 38. Nh4 Rf7 (38... Rd6 $5 39. Rxh7 Rc6 $16) 39.
Nf3 $18 a3 (39... Rg7 40. Ra5 $18) 40. Ra5 Rb2 (40... c5 41. Ne5 Rf8 42. d5 $18
) 41. Rxb2+ axb2 42. Rb5+ Kc8 (42... Kc6 43. Rxb2 Kd5 44. Rb7 $18) 43. Rxb2 a6
(43... Rd7 44. Ne5 Rd5 45. Kf3 $18) 44. Ne5 Rf6 45. f4 h5 (45... Nf8 {ändert
den Lauf der Dinge nicht} 46. Kf3 $18) 46. d5 Nc5 (46... Nd8 {ist ein letzter
Versuch} 47. Ra2 Kb7 $18) 47. Nc6 Nd7 (47... Kd7 {ändert nichts am Ausgang der
Partie} 48. Rb8 Kd6 49. Rd8+ Nd7 50. Ne5 Kxd5 51. Rxd7+ Rd6 52. Rxc7 $18) 48.
Kf3 (48. e4 {und Weiß hätte es noch leichter} Nb6 49. e5 Nxd5 50. exf6 Nxf6 $18
) 48... Rd6 (48... a5 {wäre gleichermaßen fruchtlos} 49. e4 $18) 49. e4 Rh6 (
49... Rf6 $18 {ist noch eine Idee}) 50. e5 Nb6 51. e6 a5 1-0